000 00628nam a2200193 a 4500
001 0783
005 20140414131858.0
008 040929s19uu xx 00 eng d
020 _a971-121-031-2
050 _aFIL
_bD57 1980
100 _aAlonzo, Roberto
245 _aSi Dilat, si Kindat, si Kurap, si Pikit :
_bat ang paghahanap nila sa talang marikit /
_cStory by Roberto Alonzo ; illustrations by Albert E. Gamos.
260 _aMetro Manila :
_bAklat Adarna,
_c1980.
300 _ap. : ill. ; cm.
440 _aAklat ng Aliw
500 _aIncludes: "Oral Rehydration"
650 _aChildren stories.
999 _c110549
_d110549